000 00756nam a2200181Ia 4500
003 GCL
008 140319s9999 xx 000 0 ara d
040 _aGCL /
_cGCL
082 0 4 _a250
_bغ ا
100 1 _aالغزالى : حجة الاسلام ابو حامد محمد بن محمد بن محمد بن احمد الطوسى
245 1 0 _aاحياء علوم الدين /
_cالغزالى : حجة الاسلام ابو حامد محمد بن محمد بن محمد بن احمد الطوسى
260 _aبيروت :
_bالنور الاسلامية للطبع والنشر والتوزيع
300 _aمتعدد ؛
_c26 سم
650 0 4 _aالاسلام
650 0 4 _aالفقه الاسلامى
650 0 4 _aالغزالى
942 _2ddc
_cBK
999 _c30544
_d30544